Agilné metódy a metodiky riadenia ľudských zdrojov v IT spoločnosti pri vývoji softvéru

Obsahové vymedzenie pojmov agilné metódy a agilný tím. Agilné metodiky pri riadení tímu.

Enregistré dans:
Détails bibliographiques
Auteur principal: Exenberger, Emil
Format: Chapitre de livre
Langue:slovaque
Sujets:
Tags: Ajouter un tag
Pas de tags, Soyez le premier à ajouter un tag!

MARC

LEADER 00000nla a2200000 4500
001 0245514
005 20251210104910.0
041 0 |a slo 
044 |a SK 
245 1 0 |a Agilné metódy a metodiky riadenia ľudských zdrojov v IT spoločnosti pri vývoji softvéru  |c Emil Exenberger 
520 |a Obsahové vymedzenie pojmov agilné metódy a agilný tím. Agilné metodiky pri riadení tímu. 
610 2 0 |a technológie informačné 
610 2 0 |a technológie komunikačné 
610 2 0 |a tímy pracovné 
610 2 0 |a softvér 
610 2 0 |a riadenie ľudských zdrojov 
610 2 0 |a riadenie agilné 
100 1 |a Exenberger, Emil